000 01132cgm a2200265 4500
001 J83009
008 090401t1997 xxu||||| |||| 00| 0 eng d
035 _a(Sirsi) u77376
041 _aeng
050 _a333.3307
110 _aTelevision Education Network
_93468
245 4 _aThe new APC - a guide for candidates.
260 _aLondon
_bTelevision Education Network
_c1997
300 _a1 videocassette (VHS) (34min.) : sd.
350 _a48
520 _aWith the new APC rules affecting all divisions of the RICS, this programme provides a step by step guide to the new provisions, which became effective in January 1997. This programme follows one candidate through the process, including the final assessment. As well as including guidance and advice from Edward Landor, the accompanying background paper also includes a review of the new system, useful tips and the RICS APC rules and regulations.
650 _aAPC
_96216
650 _aAPC
_96216
650 _aABOUT RICS-RICS MEMBERS
650 _aQUALIFICATIONS
650 _aVIDEO CASSETTES
690 _aEDUCATION-APC
942 _n0
948 _c25/03/1997
999 _c85347
_d85347